000
00293nam a2200133Ia 4500
100
_a
Mahrotri/M
942
_c
RB
654
_a
Multi Color Grill Design
245
_a
Multi Color Grill Design
260
_b
OLiver Press
_a
Bombay
_c
1986
082
_a
739.4
300
_a
240
546
_a
ENGLISH
999
_c
26670
_d
26670